[Event "CYCC U14"]
[Site "Calgary CAN"]
[Date "2023.07.21"]
[Round "5.89"]
[White "Chow, Micah"]
[Black "Hong, Zihan"]
[Result "0-1"]
[WhiteElo "1016"]
[BlackElo "1438"]
[PlyCount "126"]
[EventDate "2023.07.19"]
[EventType "swiss"]
[EventRounds "7"]
[EventCountry "CAN"]

1. e4 d5 2. exd5 Qxd5 3. Nc3 Qa5 4. Nf3 Nf6 5. Bc4 Bf5 6. d3 Nbd7 7. Bd2 c6 8.
a3 e6 9. Qe2 Qc7 10. Nd4 O-O-O 11. O-O-O Nb6 12. Nxf5 Nxc4 13. dxc4 exf5 14.
Qf3 g6 15. Bf4 Bd6 16. Bxd6 Rxd6 17. Rxd6 Qxd6 18. Rd1 Qxh2 19. g3 Qh6+ 20. Kb1
Re8 21. Qd3 Qf8 22. Qd4 Ne4 23. Nxe4 fxe4 24. Qxa7 Qe7 25. Re1 Qe6 26. Rd1 Qe7
27. c5 Kc7 28. Qb6+ Kb8 29. Rd4 Qc7 30. Qb3 Re7 31. Qe3 f5 32. Qh6 Rg7 33. Qg5
Rd7 34. Rb4 Rd1+ 35. Ka2 Qf7+ 36. Rb3 Kc8 37. Qe3 Qd5 38. Qe2 Rd2 39. Qe3 Rxc2
40. Qh6 Qf7 41. Qf4 Rxc5 42. Qd6 Rb5 43. Qd1 Qxb3+ 44. Qxb3 Rxb3 45. Kxb3 Kd7
46. Kc3 Kd6 47. Kd4 c5+ 48. Kc4 g5 49. Kc3 Kd5 50. Kd2 h5 51. b3 h4 52. gxh4
gxh4 53. Ke2 f4 54. Kf1 e3 55. fxe3 fxe3 56. Ke2 h3 57. Kxe3 h2 58. Kd3 h1=Q
59. b4 c4+ 60. Kc2 Kd4 61. b5 Qg2+ 62. Kc1 Kc3 63. a4 Qc2# 0-1

[Event "CYCC U14"]
[Site "Calgary CAN"]
[Date "2023.07.21"]
[Round "5.91"]
[White "Makogon, Nikita"]
[Black "Suo, Luke"]
[Result "0-1"]
[WhiteElo "1340"]
[BlackElo "933"]
[PlyCount "152"]
[EventDate "2023.07.19"]
[EventType "swiss"]
[EventRounds "7"]
[EventCountry "CAN"]

1. e4 c5 2. f4 d5 3. d3 dxe4 4. dxe4 Qxd1+ 5. Kxd1 Nc6 6. Nf3 a6 7. Nc3 Bg4 8.
Be2 Nf6 9. e5 O-O-O+ 10. Bd2 Nd5 11. Nxd5 Rxd5 12. a3 h6 13. Rf1 e6 14. h3 Bf5
15. Bc4 Rd7 16. Nh4 Bh7 17. g4 Be7 18. Nf3 Rhd8 19. Ke2 Nd4+ 20. Nxd4 Rxd4 21.
Bd3 Bxd3+ 22. cxd3 Rxd3 23. Be3 b5 24. Bxc5 Bxc5 25. Rfc1 R8d5 26. b4 Re3+ 27.
Kf1 Rf3+ 28. Kg2 Rxf4 29. bxc5 Rc4 30. Rf1 Rcxc5 31. Rxf7 Rc7 32. Rf8+ Kb7 33.
Re1 Rd2+ 34. Kg1 Rdd7 35. Rf3 Rf7 36. Rfe3 Kc6 37. Rc1+ Kd5 38. Rd1+ Kc6 39.
Rc1+ Kd7 40. Rd3+ Ke8 41. Rcd1 Rcd7 42. Rd6 Rxd6 43. Rxd6 Ke7 44. Rxa6 Rf3 45.
Kg2 Re3 46. Ra7+ Kf8 47. Ra5 Rxe5 48. a4 Re2+ 49. Kf3 Ra2 50. Rxb5 Ra3+ 51. Kg2
Rxa4 52. Rb8+ Kf7 53. Rb7+ Kf6 54. Rb6 Ra7 55. Kf3 Re7 56. Kf4 Rd7 57. Ke4 Ra7
58. Rb3 Ra4+ 59. Kf3 e5 60. Re3 h5 61. gxh5 Kf5 62. Rb3 Ra7 63. Re3 Re7 64. h4
e4+ 65. Kg3 Rd7 66. Kf2 Kf4 67. Re2 Rd3 68. Kg1 e3 69. Kf1 Kf3 70. h6 gxh6 71.
h5 Rd2 72. Re1 e2+ 73. Kg1 Rd1 74. Rxd1 exd1=Q+ 75. Kh2 Qc1 76. Kh3 Qh1# 0-1

[Event "CYCC U14"]
[Site "Calgary CAN"]
[Date "2023.07.21"]
[Round "5.94"]
[White "Li, Lucas"]
[Black "Fang, Pengsen"]
[Result "1/2-1/2"]
[WhiteElo "1248"]
[BlackElo "930"]
[PlyCount "28"]
[EventDate "2023.07.19"]
[EventType "swiss"]
[EventRounds "7"]
[EventCountry "CAN"]

1. Nf3 Nf6 2. d4 e6 3. Bf4 d5 4. e3 c5 5. c3 Nc6 6. Bd3 Be7 7. Nbd2 Bd7 8. O-O
Nh5 9. Ne5 Nxf4 10. exf4 cxd4 11. Nxc6 Bxc6 12. cxd4 Bf6 13. Nf3 Qb6 14. Bc2
Qxb2 1/2-1/2

[Event "CYCC U14"]
[Site "Calgary CAN"]
[Date "2023.07.21"]
[Round "5.95"]
[White "Arora, Ishaan"]
[Black "Singh, Harshpreet"]
[Result "1-0"]
[WhiteElo "1283"]
[BlackElo "649"]
[PlyCount "63"]
[EventDate "2023.07.19"]
[EventType "swiss"]
[EventRounds "7"]
[EventCountry "CAN"]

1. c4 c5 2. Nc3 Nc6 3. g3 g6 4. Bg2 Bg7 5. e3 e5 6. Nge2 Nge7 7. O-O O-O 8. b3
d6 9. f4 Bg4 10. h4 Bf5 11. e4 Be6 12. Bb2 exf4 13. Nxf4 Bd4+ 14. Kh2 Qd7 15.
a3 Ne5 16. Qc2 g5 17. Nh5 N5g6 18. Nd5 Kh8 19. Bxd4+ cxd4 20. Qb2 Nc6 21. b4 b5
22. cxb5 Nce5 23. Qxd4 Bxd5 24. Qxd5 Rab8 25. Rf6 Rfd8 26. Bf1 Kg8 27. d4 Ne7
28. Qb3 Kh8 29. dxe5 dxe5 30. Qxf7 Rg8 31. Rh6 Qd2+ 32. Kh1 1-0

[Event "CYCC U14"]
[Site "Calgary CAN"]
[Date "2023.07.21"]
[Round "5.96"]
[White "Aithal, Arya"]
[Black "Wangluo, May"]
[Result "1/2-1/2"]
[WhiteElo "1242"]
[BlackElo "799"]
[PlyCount "32"]
[EventDate "2023.07.19"]
[EventType "swiss"]
[EventRounds "7"]
[EventCountry "CAN"]

1. e4 c5 2. b3 e6 3. Bb2 a6 4. Nf3 Nc6 5. g3 Qc7 6. Bg2 Nf6 7. d3 Be7 8. e5 Ng4
9. Qe2 O-O 10. h3 Nh6 11. O-O Nf5 12. Re1 Nfd4 13. Qd2 Nxf3+ 14. Bxf3 b5 15. c3
d6 16. c4 Bb7 1/2-1/2

[Event "CYCC U14"]
[Site "Calgary CAN"]
[Date "2023.07.21"]
[Round "5.98"]
[White "Leveille, Zachary"]
[Black "Huang, Jonas"]
[Result "1/2-1/2"]
[WhiteElo "1061"]
[BlackElo "1080"]
[PlyCount "118"]
[EventDate "2023.07.19"]
[EventType "swiss"]
[EventRounds "7"]
[EventCountry "CAN"]

1. c4 Nf6 2. d4 g6 3. Nc3 Bg7 4. e4 d6 5. Nf3 O-O 6. Be2 Nc6 7. Bg5 h6 8. Be3
e5 9. d5 Ne7 10. Qd2 Ng4 11. h3 Nxe3 12. Qxe3 f5 13. O-O-O fxe4 14. Nxe4 Nf5
15. Qd2 Qe7 16. Bd3 Bd7 17. Qc2 c6 18. Nc3 Nd4 19. Nxd4 exd4 20. Rde1 Qg5+ 21.
Kb1 dxc3 22. bxc3 Bf5 23. h4 Qf6 24. Bxf5 Qxf5 25. Qxf5 Rxf5 26. Re7 cxd5 27.
cxd5 Rff8 28. Rhe1 Be5 29. f3 Rae8 30. Rxb7 Rb8 31. Rxb8 Rxb8+ 32. Kc2 Rc8 33.
Re3 Kf7 34. Kb3 Bf6 35. g3 Rc5 36. c4 a5 37. Re6 Be7 38. h5 gxh5 39. Rxh6 a4+
40. Kb4 Kg7 41. Rxh5 Bd8 42. Rh2 Rc7 43. Re2 Rf7 44. f4 Rb7+ 45. Kxa4 Rb1 46.
Rg2 Bb6 47. g4 Bc5 48. a3 Rc1 49. Kb3 Ra1 50. Ra2 Rg1 51. Ka4 Rxg4 52. Kb5 Rxf4
53. a4 Rf7 54. Kc6 Ra7 55. a5 Kf6 56. a6 Ke5 57. Kb5 Kf6 58. Re2 Kf7 59. Ka5
Re7 1/2-1/2

[Event "CYCC U14"]
[Site "Calgary CAN"]
[Date "2023.07.21"]
[Round "5.103"]
[White "Yan, Henry"]
[Black "Zhu, Leon"]
[Result "1-0"]
[WhiteElo "970"]
[BlackElo "653"]
[PlyCount "85"]
[EventDate "2023.07.19"]
[EventType "swiss"]
[EventRounds "7"]
[EventCountry "CAN"]

1. e4 c5 2. Bc4 Nc6 3. Nf3 e5 4. Nc3 Nf6 5. d3 d6 6. h3 h6 7. Be3 Qe7 8. Qd2 a6
9. Bb3 b5 10. Nd5 Nxd5 11. Bxd5 Qc7 12. c3 Rb8 13. O-O Nd8 14. b4 cxb4 15. cxb4
Be6 16. Bxe6 Nxe6 17. Rac1 Qd8 18. Qc3 Qd7 19. Qc6 Qxc6 20. Rxc6 Ra8 21. Rfc1
Be7 22. d4 exd4 23. Nxd4 Nxd4 24. Bxd4 O-O 25. Rc7 Rfe8 26. R1c6 Bf8 27. f3 a5
28. a3 axb4 29. axb4 Ra3 30. Rb6 Rd3 31. Bc3 d5 32. exd5 Ree3 33. Rbc6 Rxd5 34.
Kf2 Re8 35. Rb6 f6 36. Rbc6 Kh7 37. Rxf6 Be7 38. Rf7 Bh4+ 39. g3 Bd8 40. Rxg7+
Kh8 41. Rh7+ Kg8 42. Rcg7+ Kf8 43. Rh8# 1-0

[Event "CYCC U14"]
[Site "Calgary CAN"]
[Date "2023.07.21"]
[Round "5.109"]
[White "Chenier, Felix"]
[Black "Swertz, Ben"]
[Result "1-0"]
[WhiteElo "1080"]
[BlackElo "1160"]
[PlyCount "43"]
[EventDate "2023.07.19"]
[EventType "swiss"]
[EventRounds "7"]
[EventCountry "CAN"]

1. d4 d5 2. Nc3 Nf6 3. e3 Bf5 4. Nf3 e6 5. Bd3 Bg6 6. Nh4 Bxd3 7. Qxd3 c5 8. e4
cxd4 9. Ne2 dxe4 10. Qb5+ Qd7 11. Nxd4 Qxb5 12. Nxb5 Kd7 13. Bf4 a6 14. O-O-O+
Nd5 15. Nc7 Ra7 16. Nxd5 exd5 17. Rxd5+ Kc8 18. Rhd1 Nc6 19. Nf5 Bb4 20. c3 Ba5
21. Rxa5 Nxa5 22. Ne7# 1-0

[Event "CYCC U14"]
[Site "Calgary CAN"]
[Date "2023.07.21"]
[Round "6.66"]
[White "Soberov, Emil"]
[Black "Yang, Larry"]
[Result "1-0"]
[WhiteElo "2280"]
[BlackElo "1899"]
[PlyCount "113"]
[EventDate "2023.07.19"]
[EventType "swiss"]
[EventRounds "7"]
[EventCountry "CAN"]

1. e4 e5 2. Nf3 Nc6 3. Bb5 a6 4. Ba4 Nf6 5. Nc3 b5 6. Bb3 Be7 7. d3 d6 8. a3
O-O 9. O-O Bg4 10. Be3 Rc8 11. Nd5 Na5 12. Nxe7+ Qxe7 13. Ba2 h6 14. h3 Be6 15.
b4 Nc6 16. c3 Bxa2 17. Rxa2 Qe6 18. Re2 d5 19. exd5 Nxd5 20. Qe1 Qg6 21. c4 Nd4
22. Nxd4 exd4 23. cxd5 dxe3 24. Rxe3 Qf5 25. Qc3 Qxd5 26. Rc1 Rfd8 27. Rg3 Qd4
28. Qc6 Qd6 29. Qb7 Qb6 30. Qe4 Qd4 31. Rc6 Qxe4 32. dxe4 Rd6 33. Rgc3 Re8 34.
f3 f5 35. exf5 Rd2 36. f4 Re1+ 37. Kh2 Rf1 38. Rxc7 Rdd1 39. Re3 Rde1 40. Rxe1
Rxe1 41. Ra7 Re4 42. Rxa6 Rxf4 43. g4 Rf3 44. Kg2 Rb3 45. Ra7 Kh8 46. Ra5 Kg8
47. Rxb5 Rxa3 48. Rb8+ Kf7 49. b5 Rb3 50. b6 Kf6 51. b7 Kf7 52. h4 Rb4 53. g5
hxg5 54. hxg5 Rb2+ 55. Kf1 Rb1+ 56. Ke2 Rb2+ 57. Kd1 1-0

[Event "CYCC U14"]
[Site "Calgary CAN"]
[Date "2023.07.21"]
[Round "6.67"]
[White "Yang, Ryan"]
[Black "Jiang, Barron Jiyu"]
[Result "1-0"]
[WhiteElo "2217"]
[BlackElo "1978"]
[PlyCount "91"]
[EventDate "2023.07.19"]
[EventType "swiss"]
[EventRounds "7"]
[EventCountry "CAN"]

1. e4 c5 2. Nf3 d6 3. Nc3 Nf6 4. d4 cxd4 5. Nxd4 a6 6. h3 e5 7. Nde2 b5 8. g4
Bb7 9. Bg2 h6 10. Be3 Nbd7 11. a3 Be7 12. Ng3 Nb6 13. h4 Nc4 14. Bc1 g6 15. h5
g5 16. Nf5 Bc8 17. b3 Na5 18. Ne3 Be6 19. Ncd5 Rc8 20. f3 Nxd5 21. exd5 Bd7 22.
Bf1 Qc7 23. Bb2 Qa7 24. Qd2 Bd8 25. Bd3 Bb6 26. Nf5 Bxf5 27. Bxf5 Rc7 28. Rh2
Nb7 29. Re2 Re7 30. b4 O-O 31. Rc1 a5 32. c4 axb4 33. axb4 Na5 34. Ra1 bxc4 35.
bxa5 Bd4 36. Kf1 Rc7 37. Bxd4 exd4 38. Re4 c3 39. Qxd4 Qa6+ 40. Kf2 Qb5 41. Re2
f6 42. a6 Rc4 43. Qe3 Rf4 44. a7 Ra8 45. Qxc3 Qb6+ 46. Qe3 1-0

[Event "CYCC U14"]
[Site "Calgary CAN"]
[Date "2023.07.21"]
[Round "6.68"]
[White "Zhang, Brian"]
[Black "Wu, Jonathan"]
[Result "1-0"]
[WhiteElo "1926"]
[BlackElo "2075"]
[PlyCount "89"]
[EventDate "2023.07.19"]
[EventType "swiss"]
[EventRounds "7"]
[EventCountry "CAN"]

1. e4 c5 2. Nf3 d6 3. d4 cxd4 4. Nxd4 Nf6 5. Nc3 a6 6. h3 Nc6 7. g4 g6 8. Bg2
Bd7 9. O-O h6 10. Nde2 Bg7 11. Be3 O-O 12. Nd5 b5 13. Nxf6+ Bxf6 14. Bxh6 Re8
15. Bc1 Rc8 16. c3 b4 17. Bd2 Na5 18. cxb4 Nc4 19. Bc3 Nxb2 20. Qb3 Bxc3 21.
Nxc3 Nc4 22. Rfd1 a5 23. a3 e6 24. Rac1 Qf6 25. Ne2 d5 26. exd5 exd5 27. Nc3
Qg5 28. Nxd5 a4 29. Qf3 Ne5 30. Qf4 Qxf4 31. Nxf4 Bb5 32. Bf1 Bc6 33. Bg2 Bxg2
34. Kxg2 Nc4 35. Rc3 Ne5 36. Re3 Nc4 37. Rxe8+ Rxe8 38. Rd3 Re1 39. Rc3 Nd2 40.
Nd3 Ra1 41. Nc5 Nb1 42. Rc1 Kf8 43. b5 Rxa3 44. Rxb1 Rc3 45. Nxa4 1-0

[Event "CYCC U14"]
[Site "Calgary CAN"]
[Date "2023.07.21"]
[Round "6.69"]
[White "Lu, Tony"]
[Black "Singh Dhaliwal, Jaipreet"]
[Result "1-0"]
[WhiteElo "2014"]
[BlackElo "2028"]
[PlyCount "91"]
[EventDate "2023.07.19"]
[EventType "swiss"]
[EventRounds "7"]
[EventCountry "CAN"]

1. e4 c5 2. Nc3 d6 3. Nf3 Nf6 4. d4 cxd4 5. Nxd4 a6 6. Be3 e5 7. Nf3 Qc7 8. a4
Be6 9. Ng5 Bc4 10. Bxc4 Qxc4 11. Qe2 Qc7 12. Nf3 Nbd7 13. Bg5 Rc8 14. a5 Be7
15. Bxf6 Nxf6 16. O-O O-O 17. g3 Rfd8 18. Rfd1 Qc6 19. Qd3 g6 20. Ne1 Bf8 21.
Qf3 Bg7 22. Ng2 b6 23. Ne3 bxa5 24. Ned5 Nxd5 25. Nxd5 Qb7 26. c3 Rc5 27. Ra2
Rf8 28. Qe2 Kh8 29. f3 f5 30. Rda1 Rb5 31. b4 fxe4 32. fxe4 Rxd5 33. exd5 axb4
34. cxb4 Qxb4 35. Kh1 a5 36. Ra4 Qb6 37. Rf1 Rb8 38. Qe4 Rb7 39. Rc4 Rc7 40.
Rc6 Qb8 41. Rfc1 Rxc6 42. dxc6 Qb2 43. Rb1 Qc3 44. c7 Bf6 45. Qa8+ Kg7 46. c8=Q
1-0

[Event "CYCC U14"]
[Site "Calgary CAN"]
[Date "2023.07.21"]
[Round "6.70"]
[White "Joseph, Jonath"]
[Black "Zou, Alex"]
[Result "0-1"]
[WhiteElo "2057"]
[BlackElo "1742"]
[PlyCount "64"]
[EventDate "2023.07.19"]
[EventType "swiss"]
[EventRounds "7"]
[EventCountry "CAN"]

1. e4 c5 2. Nf3 d6 3. c3 Nc6 4. d4 Nf6 5. d5 Ne5 6. Nxe5 dxe5 7. f3 e6 8. c4 b5
9. Bg5 exd5 10. cxd5 Bd7 11. a4 a6 12. Bxf6 gxf6 13. Nc3 c4 14. d6 Bc6 15. Nd5
Qxd6 16. axb5 axb5 17. Nc3 Qxd1+ 18. Rxd1 Bb4 19. Be2 Ra2 20. Rd2 Rxb2 21. Rxb2
Bxc3+ 22. Rd2 Ke7 23. Kd1 Bxd2 24. Kxd2 Ra8 25. Rc1 Ra2+ 26. Ke1 Kd6 27. Rd1+
Kc5 28. Rd8 c3 29. Kd1 b4 30. Rd3 Rxe2 31. Rxc3+ bxc3 32. Kxe2 Kd4 0-1

[Event "CYCC U14"]
[Site "Calgary CAN"]
[Date "2023.07.21"]
[Round "6.71"]
[White "Aljo, Johan"]
[Black "Alpuri, Aaqil"]
[Result "1-0"]
[WhiteElo "2124"]
[BlackElo "1704"]
[PlyCount "75"]
[EventDate "2023.07.19"]
[EventType "swiss"]
[EventRounds "7"]
[EventCountry "CAN"]

1. d4 Nf6 2. c4 e6 3. g3 d5 4. Bg2 c6 5. Nf3 Bd6 6. Qc2 O-O 7. O-O b6 8. Nbd2
Bb7 9. e4 dxe4 10. Nxe4 Nxe4 11. Qxe4 Nd7 12. Rd1 Qc7 13. Qe2 Rfe8 14. Be3 c5
15. Rac1 Rad8 16. dxc5 Bxc5 17. Bxc5 Nxc5 18. b4 Ne4 19. Nd4 Nf6 20. Nb5 Qb8
21. Bxb7 Qxb7 22. Nd6 Qe7 23. Nxe8 Rxe8 24. c5 Nd5 25. a3 h6 26. c6 Qd6 27. Qf3
Rc8 28. b5 Rc7 29. Rd4 Kf8 30. Rcd1 Qc5 31. Rxd5 exd5 32. Rxd5 Qe7 33. Qd3 g6
34. Rd8+ Kg7 35. Qd4+ Qf6 36. Rg8+ Kxg8 37. Qxf6 Rc8 38. c7 1-0

[Event "CYCC U14"]
[Site "Calgary CAN"]
[Date "2023.07.21"]
[Round "6.72"]
[White "Hossain, Azher"]
[Black "Qian, Eric"]
[Result "0-1"]
[WhiteElo "1656"]
[BlackElo "1986"]
[PlyCount "88"]
[EventDate "2023.07.19"]
[EventType "swiss"]
[EventRounds "7"]
[EventCountry "CAN"]

1. d4 d5 2. c4 e6 3. g3 Nf6 4. Nf3 Be7 5. Bg2 O-O 6. O-O c6 7. Qc2 b6 8. Nbd2
Bb7 9. e4 Na6 10. e5 Nd7 11. cxd5 exd5 12. a3 Nc7 13. b3 Ne6 14. Bb2 c5 15.
Rfe1 Rc8 16. Qb1 Rc7 17. h4 Qa8 18. Qf5 h6 19. h5 Rd8 20. Rac1 Rcc8 21. Bf1
Ndf8 22. Qg4 a5 23. a4 Ba6 24. Bg2 Bd3 25. Re3 Bh7 26. Ree1 Qa7 27. Red1 Qd7
28. Bh3 c4 29. bxc4 Qxa4 30. cxd5 Rxc1 31. Rxc1 Rxd5 32. Nc4 Qb5 33. Bf1 Rd8
34. Bc3 Qc6 35. Bb2 Qb7 36. Bg2 Be4 37. Bc3 Ng5 38. Ncd2 Nxf3+ 39. Nxf3 Ne6 40.
Re1 Bd5 41. Rb1 Qc6 42. Bd2 Qc2 43. Rc1 Bxf3 44. Bxf3 Qxd2 0-1

[Event "CYCC U14"]
[Site "Calgary CAN"]
[Date "2023.07.21"]
[Round "6.73"]
[White "Wu, Nolan"]
[Black "Koo, Minjun"]
[Result "1/2-1/2"]
[WhiteElo "1983"]
[BlackElo "1661"]
[PlyCount "90"]
[EventDate "2023.07.19"]
[EventType "swiss"]
[EventRounds "7"]
[EventCountry "CAN"]

1. e4 c5 2. Nf3 d6 3. Bb5+ Bd7 4. Bxd7+ Nxd7 5. O-O Ngf6 6. Re1 e6 7. c3 Be7 8.
d4 O-O 9. Nbd2 Qc7 10. Qe2 Rac8 11. Nf1 Rfd8 12. Ng3 Nf8 13. Rf1 Ng6 14. Ne1
cxd4 15. cxd4 Qc4 16. Qd1 d5 17. e5 Ne4 18. Be3 Qb5 19. Rb1 a6 20. a3 Qc4 21.
Qg4 Qc6 22. f4 Nxg3 23. hxg3 Qd7 24. Qh3 f5 25. exf6 gxf6 26. g4 f5 27. Rf2 Bf6
28. Nf3 Rf8 29. Rbf1 Rf7 30. g3 Re8 31. g5 Bh8 32. Nh4 Rg7 33. Rh2 Ree7 34. g4
Ref7 35. Bd2 b6 36. b3 Rf8 37. Re1 Nxh4 38. Qxh4 fxg4 39. Qxg4 Rf5 40. Rhe2 Rg6
41. Be3 Rf8 42. Bf2 Rf5 43. Qxf5 exf5 44. Re8+ Kf7 45. Rxh8 Rg8 1/2-1/2

[Event "CYCC U14"]
[Site "Calgary CAN"]
[Date "2023.07.21"]
[Round "6.74"]
[White "Wang, Andy"]
[Black "Dupuis, Denis"]
[Result "1/2-1/2"]
[WhiteElo "1960"]
[BlackElo "1065"]
[PlyCount "80"]
[EventDate "2023.07.19"]
[EventType "swiss"]
[EventRounds "7"]
[EventCountry "CAN"]

1. e4 e5 2. Nf3 Nc6 3. Bb5 f5 4. d3 fxe4 5. dxe4 Nf6 6. Bxc6 bxc6 7. Nxe5 Qe7
8. Nd3 Qxe4+ 9. Qe2 Qxe2+ 10. Kxe2 d5 11. Be3 Ba6 12. Kd1 Bxd3 13. cxd3 Ng4 14.
Re1 Nxe3+ 15. Rxe3+ Kd7 16. Nd2 Bc5 17. Re2 Rhf8 18. f3 Rfe8 19. Nb3 Bd6 20. h3
Rxe2 21. Kxe2 Re8+ 22. Kf2 h6 23. d4 g5 24. Nc5+ Bxc5 25. dxc5 Rb8 26. b3 Rb5
27. Rc1 Ke6 28. Ke3 Ke5 29. g3 Rb8 30. Kd3 Kf6 31. Re1 Rf8 32. Kd4 Rg8 33. b4
Rb8 34. Rb1 Ke6 35. Rb3 a6 36. Re3+ Kf6 37. Rb3 Ke6 38. a4 Kf6 39. Rb2 Ke6 40.
Rb3 Kf6 1/2-1/2

[Event "CYCC U14"]
[Site "Calgary CAN"]
[Date "2023.07.21"]
[Round "6.75"]
[White "Darvekar, Yash"]
[Black "Chen, Ricky"]
[Result "1-0"]
[WhiteElo "1886"]
[BlackElo "1370"]
[PlyCount "57"]
[EventDate "2023.07.19"]
[EventType "swiss"]
[EventRounds "7"]
[EventCountry "CAN"]

1. e4 e6 2. d4 d5 3. e5 c5 4. c3 Nc6 5. Nf3 Qb6 6. a3 Nh6 7. b4 cxd4 8. cxd4
Nf5 9. Be3 Be7 10. Bd3 O-O 11. Bxf5 exf5 12. O-O a5 13. Nc3 Be6 14. b5 Na7 15.
Qb3 Rad8 16. Rfb1 f4 17. Bxf4 Bf5 18. Rb2 Qe6 19. Nd2 f6 20. Re1 Bd3 21. Re3
Bc4 22. Qa4 Qg4 23. Nxc4 Qxf4 24. Nb6 fxe5 25. Nbxd5 Qg5 26. Ne4 Qh6 27. Nxe7+
Kh8 28. d5 Qh4 29. Ng6+ 1-0

[Event "CYCC U14"]
[Site "Calgary CAN"]
[Date "2023.07.21"]
[Round "6.76"]
[White "Leung, Joseph"]
[Black "Sundara Rajan, Inbhavenkat"]
[Result "1/2-1/2"]
[WhiteElo "1624"]
[BlackElo "1758"]
[PlyCount "52"]
[EventDate "2023.07.19"]
[EventType "swiss"]
[EventRounds "7"]
[EventCountry "CAN"]

1. e4 e5 2. Nf3 Nc6 3. Bb5 a6 4. Ba4 b5 5. Bb3 Bc5 6. O-O Nf6 7. c3 d6 8. d4
Bb6 9. dxe5 Nxe5 10. Bf4 Qe7 11. Nbd2 O-O 12. Nxe5 dxe5 13. Bg3 Bb7 14. Re1
Rfd8 15. Qe2 c5 16. Bc2 Ne8 17. Nf3 f6 18. c4 Nd6 19. b3 Qe6 20. Bd3 b4 21. Nd2
Nf7 22. Nf1 Nd6 23. f3 Nc8 24. Ne3 Ne7 25. Nd5 Nxd5 26. cxd5 Qf7 1/2-1/2

[Event "CYCC U14"]
[Site "Calgary CAN"]
[Date "2023.07.21"]
[Round "6.77"]
[White "Ming, Jerry"]
[Black "Hong, Zihan"]
[Result "1-0"]
[WhiteElo "1756"]
[BlackElo "1438"]
[PlyCount "81"]
[EventDate "2023.07.19"]
[EventType "swiss"]
[EventRounds "7"]
[EventCountry "CAN"]

1. e4 d5 2. exd5 Qxd5 3. Nc3 Qa5 4. Bc4 Nf6 5. d3 Bf5 6. Bd2 c6 7. Qe2 Nbd7 8.
f3 e6 9. g4 Bg6 10. h4 h6 11. Nd5 Qd8 12. Nf4 Bh7 13. Bxe6 fxe6 14. Nxe6 Qe7
15. Nc7+ Kf7 16. Nxa8 Qxe2+ 17. Nxe2 Bd6 18. Bf4 Bxf4 19. Nxf4 Rxa8 20. g5 Nd5
21. Nxd5 cxd5 22. f4 h5 23. Kd2 Bf5 24. Rae1 d4 25. Rh2 Re8 26. Rxe8 Kxe8 27.
Re2+ Kf7 28. a3 g6 29. b3 b6 30. b4 Nf8 31. Re5 Ne6 32. Rd5 Ke7 33. a4 Bg4 34.
Ke1 Bf3 35. Re5 Kd6 36. a5 Nxf4 37. Re8 Kd7 38. Rf8 Ng2+ 39. Kf2 Nxh4 40. Kg3
Ke7 41. Rf6 1-0

[Event "CYCC U14"]
[Site "Calgary CAN"]
[Date "2023.07.21"]
[Round "6.78"]
[White "Tseng, Bradley"]
[Black "Tan, Shuwen"]
[Result "1-0"]
[WhiteElo "1734"]
[BlackElo "1415"]
[PlyCount "77"]
[EventDate "2023.07.19"]
[EventType "swiss"]
[EventRounds "7"]
[EventCountry "CAN"]

1. e4 e5 2. Nf3 Nc6 3. d4 exd4 4. Bc4 Nf6 5. e5 Ne4 6. Qe2 Nc5 7. c3 d3 8. Qe3
Be7 9. O-O O-O 10. b4 Ne6 11. Bxd3 a6 12. Qe4 g6 13. Nbd2 d5 14. exd6 cxd6 15.
Bb2 Bf6 16. a3 Nc7 17. Qe2 Re8 18. Qd1 Nd5 19. Qc2 Nf4 20. Ne4 Bg7 21. Ng3 Nxd3
22. Qxd3 Be6 23. Qc2 Qc7 24. Rac1 b5 25. Nd2 Rac8 26. a4 Nxb4 27. Qb1 Nc6 28.
axb5 axb5 29. c4 Bxb2 30. Qxb2 b4 31. Nde4 Red8 32. Nf6+ Kf8 33. Nxh7+ Kg8 34.
Nf6+ Kf8 35. Nd5 Bxd5 36. cxd5 Qa7 37. dxc6 Qa5 38. Qh8+ Ke7 39. Rfe1+ 1-0

[Event "CYCC U14"]
[Site "Calgary CAN"]
[Date "2023.07.21"]
[Round "6.79"]
[White "Bouchard, Nicholas"]
[Black "Russell, Wesley"]
[Result "1/2-1/2"]
[WhiteElo "1443"]
[BlackElo "1723"]
[PlyCount "94"]
[EventDate "2023.07.19"]
[EventType "swiss"]
[EventRounds "7"]
[EventCountry "CAN"]

1. e4 c6 2. d4 d5 3. e5 c5 4. dxc5 e6 5. a3 Bxc5 6. Nf3 Nc6 7. b4 Bb6 8. Bb2
Nge7 9. Bd3 Ng6 10. O-O O-O 11. Re1 Bd7 12. Nbd2 f6 13. Bxg6 hxg6 14. exf6 gxf6
15. c4 dxc4 16. Nxc4 e5 17. Nxb6 axb6 18. Nh4 Kg7 19. Qd3 Ne7 20. Rad1 Bc6 21.
Qxd8 Raxd8 22. g3 Nd5 23. Ng2 b5 24. Re2 Nb6 25. Red2 Rxd2 26. Rxd2 Nc4 27. Re2
Bf3 28. Rc2 Be4 29. Rc3 Nxb2 30. Ne3 Nc4 31. Nxc4 Rc8 32. Re3 Rxc4 33. f3 Bc6
34. Kg2 Kf7 35. h4 Ke6 36. g4 Rxg4+ 37. Kh3 Rf4 38. Kg3 Kd5 39. Rb3 Kc4 40. Re3
Kd4 41. Rb3 Bd5 42. Rb2 Rxf3+ 43. Kg4 Rxa3 44. h5 Bf3+ 45. Kh4 Bxh5 46. Rb1 Kc4
47. Rd1 Bxd1 1/2-1/2

[Event "CYCC U14"]
[Site "Calgary CAN"]
[Date "2023.07.21"]
[Round "6.82"]
[White "Ossine, Nicholas"]
[Black "Wang, Dennis"]
[Result "1-0"]
[WhiteElo "1593"]
[BlackElo "1358"]
[PlyCount "65"]
[EventDate "2023.07.19"]
[EventType "swiss"]
[EventRounds "7"]
[EventCountry "CAN"]

1. d4 d5 2. c4 dxc4 3. e3 Nf6 4. Bxc4 e6 5. Nf3 a6 6. a4 c5 7. O-O Nc6 8. Nc3
cxd4 9. exd4 Be7 10. h3 Nb4 11. Qb3 O-O 12. Bg5 Nbd5 13. Rfd1 h6 14. Bxf6 Nxf6
15. d5 exd5 16. Nxd5 Bc5 17. Rac1 Nxd5 18. Bxd5 Qb6 19. Qc2 Bd6 20. Nd2 Bf4 21.
Qe4 Bxd2 22. Rxd2 Rb8 23. Rdc2 Bd7 24. Rc7 Qxb2 25. Rb1 Qd2 26. Rxd7 Qc3 27.
Rbxb7 Rbe8 28. Bxf7+ Rxf7 29. Qxe8+ Kh7 30. Qxf7 Qe1+ 31. Kh2 Qe5+ 32. f4 Qc3
33. Qf5+ 1-0

[Event "CYCC U14"]
[Site "Calgary CAN"]
[Date "2023.07.21"]
[Round "6.83"]
[White "Shen, Caden"]
[Black "Murali, Dhruv"]
[Result "0-1"]
[WhiteElo "1338"]
[BlackElo "1560"]
[PlyCount "62"]
[EventDate "2023.07.19"]
[EventType "swiss"]
[EventRounds "7"]
[EventCountry "CAN"]

1. d4 Nf6 2. c4 d6 3. Nc3 g6 4. Nf3 Bg7 5. Bf4 Nbd7 6. e3 b6 7. Bd3 Bb7 8. h3
c5 9. O-O O-O 10. Qc2 Bxf3 11. gxf3 Nh5 12. Bg3 cxd4 13. exd4 Bxd4 14. Kh2 f5
15. Rg1 e5 16. Kh1 Nc5 17. Rg2 Nxd3 18. Qxd3 Bxc3 19. Qxc3 f4 20. Bh2 Qh4 21.
Rag1 Kg7 22. Qd3 Rf6 23. Qf1 Rf5 24. Rg4 Qf6 25. Qd3 Qe6 26. b3 Nf6 27. Rh4 Rd8
28. Qf1 Rh5 29. Rxh5 Nxh5 30. Qg2 Qf5 31. h4 Nf6 0-1

[Event "CYCC U14"]
[Site "Calgary CAN"]
[Date "2023.07.21"]
[Round "6.84"]
[White "Suo, Luke"]
[Black "Pollitt, Henry"]
[Result "0-1"]
[WhiteElo "933"]
[BlackElo "1467"]
[PlyCount "62"]
[EventDate "2023.07.19"]
[EventType "swiss"]
[EventRounds "7"]
[EventCountry "CAN"]

1. g3 d5 2. Nf3 Nf6 3. Bg2 c5 4. c4 e6 5. O-O b6 6. d3 Bb7 7. b4 Be7 8. b5 O-O
9. a4 a6 10. Bb2 axb5 11. axb5 Rxa1 12. Bxa1 Nbd7 13. Nc3 d4 14. Na4 Qa8 15.
Qc2 e5 16. Bb2 e4 17. Nd2 exd3 18. Bxb7 dxc2 19. Bxa8 Rxa8 20. Ra1 Ne8 21. Nb3
Nd6 22. Bc1 Nxc4 23. Nb2 Rxa1 24. Nxa1 Na3 25. Na4 Nxb5 26. Nxc2 Nc3 27. Nxc3
dxc3 28. Be3 b5 29. Kf1 b4 30. Ke1 b3 31. Na3 b2 0-1